|
|
|
|
| LEADER |
00000nam0a2200000 4500 |
| 001 |
365222 |
| 005 |
20231102011750.0 |
| 035 |
|
|
|a (RuTPU)RU\TPU\retro\22585
|
| 090 |
|
|
|a 365222
|
| 100 |
|
|
|a 20211220d1980 km y0rusy50 ca
|
| 101 |
0 |
|
|a rus
|
| 102 |
|
|
|a RU
|
| 105 |
|
|
|a a z 001zy
|
| 200 |
1 |
|
|a Эндогенные рудообразующие процессы
|f Академия наук СССР, Уральский научный центр ; отв. ред. А. М. Дымкин
|
| 210 |
|
|
|a Свердловск
|c Изд-во УНЦ АН СССР
|d 1980
|
| 215 |
|
|
|a 120 с.
|c ил.
|
| 320 |
|
|
|a Библиогр. в конце ст.
|
| 606 |
1 |
|
|a Рудообразование эндогенное
|2 stltpush
|3 (RuTPU)RU\TPU\subj\26052
|9 50067
|
| 610 |
1 |
|
|a магматогенные рудные поля
|
| 610 |
1 |
|
|a железорудные месторождения
|
| 610 |
1 |
|
|a вулканоплутонические породы
|
| 610 |
1 |
|
|a глубинные процессы
|
| 610 |
1 |
|
|a полигенные месторождения
|
| 610 |
1 |
|
|a полихронность
|
| 675 |
|
|
|a 553.2.062
|v 4
|
| 702 |
|
1 |
|a Дымкин
|b А. М.
|4 340
|
| 712 |
0 |
2 |
|a Академия наук СССР
|b Уральский научный центр
|2 stltpush
|3 (RuTPU)RU\TPU\col\3284
|9 23807
|
| 801 |
|
1 |
|a RU
|b 63413507
|c 20211220
|
| 942 |
|
|
|c BK
|